000 00493nam a2200181Ia 4500
005 20250508160932.0
008 008 250505s9999 xx 000 0 eng d
037 _aTextual
040 _aFEDL
_beng
_cFEDL
041 _aeng
_2eng
084 _a371.73, CRA
_qFEDL
100 _aCratty Bryant
245 0 _aPsychology and physical activity
260 _aEnglewood Cliffs
_bPrentice-Hall
_c1968
300 _a214p
942 _cTEXL
_h371.73, CRA
999 _c1367489
_d1367489